000 00876 a2200241 4500
001 63267
005 20260407155929.0
008 260407a2009 arg spa d
003 AR-UNSa-BCEJYS
040 _aAR-UNSa-BCEJYS
_bspa
_cAR-UNSa-BCEJYS
080 _a330.52
_xRiqueza nacional. Propiedad nacional (PBG)
245 1 0 _aProducto bruto geográfico de la Provincia de Salta
_pAños 1993-2008
264 1 _aSalta :
_bDirección General de Estadística
_c2009
300 _a65 p.
_c29 cm.
041 _aspa
942 _cBK
590 _aniveau_biblio:m niveau_hierar:0
100 1 _aSalta. Dirección General de Estadísticas
700 1 _aConsejo Federal de Inversiones (CFI)
650 _aPRODUCTO BRUTO GEOGRÁFICO
856 4 1 _uhttp://www.biblioeco.unsa.edu.ar/pmb/images/libros/L129392.jpg
_yImagen de portada
_qimage/jpeg
650 _a producto bruto geografico
999 _c8078
_d8078